Úradné noviny

Na minha lista:
Detalhes bibliográficos
Formato: Periódico
Idioma:eslovaco
Publicado em: Bratislava Prezídium ministerskej rady
Tags: Adicionar Tag
Sem tags, seja o primeiro a adicionar uma tag!

MARC

LEADER 00000nas1a2200000$$$4500
001 0010790
005 20250730114819.9
041 0 |a slo 
044 |a SK 
245 1 0 |a Úradné noviny 
264 1 |a Bratislava  |b Prezídium ministerskej rady